JRE-IKST-018の採用駅 - Statistics

General Stats
  • This quiz has been taken 7 times
  • The average score is 4 of 5
Answer Stats
Answer % Correct
大崎
100%
池袋
100%
大宮
100%
浦和
83%
熱海
50%
No matching quizzes found
Score Distribution
Percent of People with Each Score
Percentile by Number Answered
Your Score History
You have not taken this quiz